| 000 | 00715nam a2200229 a 4500 | ||
|---|---|---|---|
| 005 | 20260415064146.0 | ||
| 008 | 060124s2004 es r 000 0 spa d | ||
| 020 | _a8483191970 | ||
| 035 | _aUPN01000141761 | ||
| 049 | _aCG | ||
| 050 | 4 |
_aLC1099.5 E5 _bS6.3 |
|
| 110 | 2 |
_aSODEPAU (España) _931433 |
|
| 245 | 1 | 0 |
_aEducar en la diversidad : _bmateriales para una acción educativa intercultural / _cSODEPAU. |
| 260 |
_aMadrid : _bCatarata, _cc2004. |
||
| 300 |
_a267 p. : _bil. |
||
| 440 | 0 |
_aEdupaz ; _v14 |
|
| 650 | 4 |
_aEDUCACION MULTICULTURAL - _zESPAÑA _913660 |
|
| 650 | 4 |
_aMaestros _xFormación profesional _zEspaña _9783 |
|
| 650 | 4 |
_aMateriales didácticos _97263 |
|
| 905 | _aLibro | ||
| 999 |
_c113908 _d113908 |
||